| 000 | 01572nam a2200349 i 4500 | ||
|---|---|---|---|
| 001 | bg | ||
| 003 | BPK | ||
| 005 | 20200902123054.0 | ||
| 008 | 080717s2008 pl a f |000 0 pol | ||
| 015 | _aPB 2008/19727 | ||
| 040 |
_aWA N _cBPK |
||
| 041 | 0 |
_apol _beng |
|
| 080 | _a69 | ||
| 080 | _a621.31 | ||
| 245 | 0 | 0 |
_aBudownictwo w energetyce / _cpod red. nauk. Jerzego Hoły i Eugeniusza Hotały. |
| 246 | 1 | 5 | _aBuilding engineering in energetics. |
| 260 |
_aWrocław : _bOficyna Wydawnicza Politechniki Wrocławskiej, _c2008. |
||
| 300 |
_a238 s. : _bil. ; _c24 cm. |
||
| 490 | 1 |
_aPrace Naukowe Instytutu Budownictwa Politechniki Wrocławskiej. Studia i Materiały = _aScientific Papers of the Institute of Building Engineering of the Wrocław University of Technology. Studies and Research, _x0137-6241 ; _v19. |
|
| 500 | _aTyt. równol.: Building engineering in energetics. Nr serii gł.: 90. | ||
| 504 | _aBibliogr. przy pracach. | ||
| 546 | _aStreszcz. ang. przy pracach. Spis treści także ang. | ||
| 650 | 4 | _aBudownictwo | |
| 650 | 4 | _aEnergetyka | |
| 700 | 1 |
_aHotała, Eugeniusz. _eRed. |
|
| 710 | 2 |
_aPolitechnika Wrocławska. _bOficyna Wydawnicza. _4pbl. |
|
| 700 | 1 |
_aHoła, Jerzy _eRedakcja |
|
| 830 | 0 |
_aPrace Naukowe Instytutu Budownictwa Politechniki Wrocławskiej. _pStudia i Materiały _v19. |
|
| 856 |
_uhttp://koha.tu.koszalin.pl/cgi-bin/koha/opac-detail.pl?biblionumber=56575 _yKatalog online BPK |
||
| 830 | 0 |
_aPrace Naukowe Instytutu Budownictwa Politechniki Wrocławskiej _v9 |
|
| 942 |
_2UKD _cKS |
||
| 999 |
_c56575 _d56575 |
||